LEADER 01825nas a2200301 i 4500 001 000000023680 003 CaOOAMICUS 005 20180830125446.0 008 180830s1926 it uu u0 0ita r 040 $aSeMil$bita 245 13$aLa Famiglia Meneghina :$brassegna di vita milanese. 260 $aMilano :$bFamiglia Meneghina,$c1926-1987. 300 $a24 cm. 500 $aMensile ; la periodicità varia in : Bimestrale. - Il sottotitolo varia. - Il formato varia. 500 $aConsistenza: [supplementi] Almanacco della Famiglia Meneghina 1936, 1955, 1980 ; Strenna della Famiglia Meneghina 1980-1985, 1987, 1989 700 1 $aAssociazione Culturale Famiglia Meneghina .$0(OLS)http://semarc/name/1613 774 0 $aBagnoli, Raffaele$tMilano.$dMilano : Famiglia Meneghina, 1985.$w()68831 774 0 $aBagnoli, Raffaele$tMilano.$dMilano : Famiglia Meneghina, 1984.$w()68996 774 0 $tAlmanacco della Famiglia Meneghina.$dMilano : Famiglia Meneghina, 1979.$w()69435 774 0 $aBagnoli, Raffaele$tMilano.$dMilano : Famiglia Meneghina, 1982.$w()69436 774 0 $aBagnoli, Raffaele$tAbbazie della "Bassa" milanese.$dMilano : Famiglia Meneghina, 1987.$w()161774 774 0 $aBagnoli, Raffaele$tMediolanum.$dMilano : Famiglia Meneghina, 1981.$w()165685 774 0 $aVisintin, Luciano$tMilano.$dMilano : Famiglia Meneghina, 1989.$w()170264 774 0 $aBagnoli, Raffaele$tCastelli del milanese.$dMilano : Famiglia Meneghina, 1983.$w()177169 785 04$tAlmanacco della Famiglia Meneghina.$dMilano : Famiglia Meneghina, 1932.$x0401-4804$w()1783 785 00$tNost Milan.$dMilano : Famiglia Meneghina, 1989-1991.$w()2235 996 $6245$aLa Famiglia Meneghina :$brassegna di vita milanese$9(OLS)http://semarc/title/31785 996 $6260$aMilano :$bFamiglia Meneghina$9(OLS)http://semarc/publisher/30372 LEADER 01351nam a2200277 4500 001 000000349025 003 CaOOAMICUS 005 20230331092842.0 008 220110s2018 xxka 000 u eng r 020 $a978-0-19-873998-2 040 $aSeMil$bita 245 04$aThe Oxford handbook of Johannine studies /$cedited by Judith M. Lieu and Martinus C. de Boer. 264 1$aOxford :$bOxford University Press,$c2018. 300 $aXVI, 469 p. :$bill. ;$c25 cm 490 1 $aOxford handbooks 650 4$aBibbia - NT - Giovanni - Linguaggio.$0(OLS)http://semarc/subject/43613 650 4$aBibbia. Nuovo Testamento. Vangelo secondo Giovanni - Commentari, studi, critica, interpretazioni.$0(OLS)http://semarc/subject/119 700 1 $aLieu, Judith Margaret,$d<1951- >.$0(OLS)http://semarc/name/41631 700 1 $aBoer, Martinus C. : de,$d<1947- >.$0(OLS)http://semarc/name/115106 830 0$aOxford handbooks.$0(OLS)http://semarc/title/437766 850 $aSeMil 852 $aSeMil$W1$xVenegono$y1$mSL1.P IV 33$j231220$B240102$CSeMilBibl$Z2$F240102 $81 996 $6020$a978-0-19-873998-2$9(OLS)http://semarc/number/294972 996 $6245$aThe Oxford handbook of Johannine studies$9(OLS)http://semarc/title/438525 996 $6264$aOxford :$bOxford University Press$9(OLS)http://semarc/publisher/35475